[Event "AUTO-OPEN-3425"]
[Site "http://www.queenalice.com/game.php?id=1337252"]
[Date "2015.1.26"]
[Round "1"]
[White "fisionboy"]
[Black "Narizinho"]
[Result "1-0"]
[WhiteElo "2042"]
[BlackElo "1281"]

1. e4 e5 2. Nf3 Nf6 3. Nxe5 Nxe4 4. Qe2 Nc6 5. Qxe4 Bd6 6. Nxc6+ Qe7 7. Nxe7 b6
8. Nxc8+ Kf8 9. Qxa8 g6 10. Nxd6+ Ke7 11. Qxh8 cxd6 12. Bc4 d5 13. O-O dxc4 14.
Re1+ Kd6 15. d4 Kd5 16. Nc3+ Kc6 17. Bf4 d5 18. Qc8# 1-0

[Event "AUTO-OPEN-3425"]
[Site "http://www.queenalice.com/game.php?id=1337253"]
[Date "2015.1.26"]
[Round "1"]
[White "Narizinho"]
[Black "fisionboy"]
[Result "1-0"]
[WhiteElo "1371"]
[BlackElo "1886"]

1. e4 e5 2. Nf3 Nc6 3. Nc3 Nf6 4. Bb5 d6 5. O-O a6 6. Be2 Be7 7. d3 O-O 8. Bg5
Re8 9. a3 h6 10. Bd2 Be6 11. b4 Nd4 12. Be3 Nxe2+ 13. Qxe2 Ng4 14. d4 Nxe3 15.
fxe3 b5 16. dxe5 Bc4 17. Qe1 Bxf1 18. Kxf1 dxe5 19. Nxe5 Bf6 20. Ng4 Bxc3 21.
Qxc3 Rxe4 22. Nf2 Re6 23. Ng4 Qe7 24. Nf2 Rxe3 25. Qd2 Rd8 26. Qc1 Qe6 27. c3
1-0

[Event "AUTO-OPEN-3425"]
[Site "http://www.queenalice.com/game.php?id=1337254"]
[Date "2015.1.26"]
[Round "1"]
[White "fisionboy"]
[Black "Michelangelo"]
[Result "0-1"]
[WhiteElo "1969"]
[BlackElo "2113"]

1. e4 e5 2. Nf3 Nf6 3. Nxe5 d6 4. Nc4 Nxe4 5. Bd3 Nc5 6. Qe2+ Be7 7. c3 Nxd3+ 8.
Qxd3 O-O 9. O-O g6 10. Qc2 Be6 11. Ne3 c6 12. d4 d5 13. Nd2 Nd7 14. Nf3 Nf6 15.
Ne5 Ne4 16. f3 Nd6 17. Bd2 Bf6 18. Rae1 Nf5 19. f4 Nxe3 20. Bxe3 Bf5 21. Qd1 Re8
22. Nd3 Be7 23. g4 Be4 0-1

[Event "AUTO-OPEN-3425"]
[Site "http://www.queenalice.com/game.php?id=1337255"]
[Date "2015.1.26"]
[Round "1"]
[White "Michelangelo"]
[Black "fisionboy"]
[Result "1-0"]
[WhiteElo "2172"]
[BlackElo "1977"]

1. e4 e5 2. Nf3 Nc6 3. Bb5 Nf6 4. O-O d6 5. Nc3 Be7 6. h3 a6 7. Ba4 O-O 8. d3
Be6 9. Bxc6 bxc6 10. b3 Qc8 11. Ng5 Bd7 12. f4 h6 13. Nf3 exf4 14. Bxf4 Bxh3 15.
gxh3 Qxh3 16. Nh2 Qh5 17. Qxh5 Nxh5 18. Be3 Bf6 19. Bd2 Bd4+ 20. Kg2 Rae8 21.
Rae1 Re5 22. Ne2 Bb6 23. Ng4 Rc5 24. c4 Nf6 25. Nxf6+ gxf6 26. Bxh6 1-0

[Event "AUTO-OPEN-3425"]
[Site "http://www.queenalice.com/game.php?id=1337256"]
[Date "2015.1.26"]
[Round "1"]
[White "fisionboy"]
[Black "jlpbarreto"]
[Result "1-0"]
[WhiteElo "2051"]
[BlackElo "1873"]

1. e4 e5 2. Nf3 Nc6 3. d4 exd4 4. Nxd4 Nge7 5. Nc3 Nxd4 6. Qxd4 Nc6 7. Qd1 Bb4
8. Bd2 d6 9. Bc4 O-O 10. O-O Be6 11. Qe2 Qd7 12. a3 Ba5 13. Rad1 a6 14. Bd3 Nd4
15. Qh5 Bb6 16. Kh1 Bg4 17. Qh4 Bxd1 18. Rxd1 Rae8 19. e5 Rxe5 20. Qxh7# 1-0

[Event "AUTO-OPEN-3425"]
[Site "http://www.queenalice.com/game.php?id=1337257"]
[Date "2015.1.26"]
[Round "1"]
[White "jlpbarreto"]
[Black "fisionboy"]
[Result "0-1"]
[WhiteElo "1845"]
[BlackElo "2083"]

1. e4 e5 2. Nf3 Nc6 3. Bb5 a6 4. Ba4 Nf6 5. d3 Be7 6. Bxc6 dxc6 7. Nxe5 Bc5 8.
Nf3 Bg4 9. Be3 Bb6 10. Nbd2 O-O 11. O-O Re8 12. Qe1 Qd7 13. h3 Bh5 14. Bxb6 cxb6
15. Kh1 Re7 16. g4 Bg6 17. Nh4 Rae8 18. Nf5 Bxf5 19. gxf5 g6 20. Rg1 Kh8 21.
fxg6 Qxh3# 0-1

[Event "AUTO-MASTER-2254"]
[Site "http://www.queenalice.com/game.php?id=1343729"]
[Date "2015.2.24"]
[Round "1"]
[White "cksl333"]
[Black "fisionboy"]
[Result "1-0"]
[WhiteElo "2268"]
[BlackElo "2044"]

1. d4 g6 2. Bf4 Nf6 3. e3 Bg7 4. Nf3 d6 5. h3 O-O 6. Be2 Nbd7 7. O-O Nb6 8. c4
Ne4 9. Nc3 Nxc3 10. bxc3 c5 11. a4 Bf5 12. Qb3 Qc7 13. Bh2 Bd7 14. a5 Nc8 15.
Rfb1 Rb8 16. Nd2 Bf5 17. Rb2 a6 18. Qa3 Na7 19. dxc5 Be5 20. cxd6 exd6 21. Nf3
Bxh2+ 22. Nxh2 Nc6 23. Nf3 Rfe8 24. Nd4 Nxd4 25. cxd4 Red8 26. Bd3 Be6 27. Rab1
Rd7 28. d5 Bf5 29. e4 Bxh3 30. gxh3 Qd8 31. Bf1 Qg5+ 32. Qg3 Qe7 33. Re1 Re8 34.
Rbe2 Rc7 35. Re3 Rc5 36. e5 Qd8 37. exd6 Rxe3 38. Rxe3 Rxa5 39. Qe5 Qd7 40. Qe8+
Qxe8 41. Rxe8+ Kg7 42. d7 1-0

[Event "AUTO-MASTER-2254"]
[Site "http://www.queenalice.com/game.php?id=1343730"]
[Date "2015.2.24"]
[Round "1"]
[White "fisionboy"]
[Black "cksl333"]
[Result "0-1"]
[WhiteElo "2035"]
[BlackElo "2273"]

1. e4 Nc6 2. d4 e5 3. Nf3 exd4 4. Nxd4 Bc5 5. c3 Qf6 6. Be3 Nge7 7. Bc4 Ne5 8.
Be2 Qg6 9. Bf3 Nxf3+ 10. Qxf3 O-O 11. Nd2 d6 12. h3 c6 13. O-O-O b5 14. N2b3 a5
15. Nxc5 dxc5 16. Nc2 Be6 17. Bxc5 Rfe8 18. Kb1 f5 19. Bxe7 Rxe7 20. e5 Rae8 21.
Ka1 Qf7 22. Qxc6 Bxa2 23. f4 b4 24. Rd3 Rc7 25. Qa4 Bb3 26. Qb5 Bxc2 27. Rd2 Be4
28. c4 Bc6 29. Qb6 Qe7 30. Rhd1 a4 31. g3 h6 32. c5 Be4 33. Qxb4 Qxc5 34. Qa3
Qxa3+ 35. bxa3 Bc2 36. Rc1 Rec8 37. Kb2 Bb3 38. Re1 Rc2+ 39. Rxc2 Rxc2+ 40. Kb1
Kf7 41. e6+ Ke7 42. h4 Rc6 0-1

[Event "AUTO-MASTER-2254"]
[Site "http://www.queenalice.com/game.php?id=1343741"]
[Date "2015.2.24"]
[Round "1"]
[White "LAIRE"]
[Black "fisionboy"]
[Result "1-0"]
[WhiteElo "2256"]
[BlackElo "1918"]

1. d4 g6 2. Nf3 Nf6 3. c4 Bg7 4. Nc3 O-O 5. Bg5 d6 6. e3 c5 7. d5 Nbd7 8. Be2 a6
9. O-O Ng4 10. Nd2 Ndf6 11. h3 Ne5 12. f4 Ned7 13. Nf3 Nb6 14. e4 Nh5 15. Nd2
Ng3 16. Rf3 Nxe2+ 17. Qxe2 Qc7 18. Nf1 Re8 19. f5 f6 20. Bd2 g5 21. Nh2 Nd7 22.
h4 Ne5 23. Rg3 h6 24. Nf3 Rb8 25. Nxe5 dxe5 26. hxg5 fxg5 27. Rc1 Rf8 28. Nd1 b5
29. b3 Bd7 30. Ne3 Qc8 31. Rf3 bxc4 32. Qxc4 Bb5 33. Qxc5 Qxc5 34. Rxc5 Rbc8 35.
Rxc8 Rxc8 36. Nc4 Bxc4 37. Rc3 Kf7 38. Rxc4 Rxc4 39. bxc4 Ke8 40. g4 Kd7 41. Kf2
Kc7 42. Ke3 1-0

[Event "AUTO-MASTER-2254"]
[Site "http://www.queenalice.com/game.php?id=1343742"]
[Date "2015.2.24"]
[Round "1"]
[White "fisionboy"]
[Black "LAIRE"]
[Result "0-1"]
[WhiteElo "1982"]
[BlackElo "2251"]

1. e4 e6 2. Nf3 d5 3. e5 c5 4. d4 Nc6 5. Be2 cxd4 6. Nxd4 Nxd4 7. Qxd4 Ne7 8.
Nd2 Nc6 9. Qf4 Qc7 10. Nf3 Nb4 11. Bd3 Nxc2+ 12. Bxc2 Qxc2 13. O-O Bc5 14. Ng5
Qg6 15. Be3 b6 16. Rac1 h6 17. Nf3 Bxe3 18. Qxe3 O-O 19. Rc7 Ba6 20. Rfc1 Rfc8
21. h3 Qe4 22. Qa3 Rxc7 23. Rxc7 Be2 24. Qe7 Qf4 25. Rxa7 Rxa7 26. Qxa7 Bxf3 27.
gxf3 Qc1+ 28. Kg2 Qxb2 29. Qc7 Qxa2 30. Qxb6 Qd2 31. Qb8+ Kh7 32. Qc7 Kg6 33.
Kg3 Qg5+ 34. Kh2 Qf4+ 35. Kg2 f6 36. Qc2+ Qf5 0-1

[Event "AUTO-MASTER-2254"]
[Site "http://www.queenalice.com/game.php?id=1343749"]
[Date "2015.2.24"]
[Round "1"]
[White "fisionboy"]
[Black "LOMBARDY"]
[Result "0-1"]
[WhiteElo "2007"]
[BlackElo "2107"]

1. e4 c5 2. Nf3 d6 3. Bc4 Nf6 4. Nc3 e6 5. O-O a6 6. Re1 Be7 7. d4 cxd4 8. Nxd4
Qc7 9. Bb3 Nc6 10. Nf3 O-O 11. a3 b5 12. Bf4 Bb7 13. e5 Ne8 14. Qd2 d5 15. Rad1
Na5 16. Ba2 Nc4 17. Bxc4 Qxc4 18. Bg5 Bxg5 19. Nxg5 Qh4 20. Re3 Qxg5 21. Qd4 f6
22. Qb6 Bc8 23. Rde1 f5 24. Qc6 Rb8 25. Nxd5 exd5 26. Qxd5+ Kh8 27. Rg3 Qe7 28.
Rh3 f4 0-1

[Event "AUTO-MASTER-2254"]
[Site "http://www.queenalice.com/game.php?id=1343750"]
[Date "2015.2.24"]
[Round "1"]
[White "LOMBARDY"]
[Black "fisionboy"]
[Result "1-0"]
[WhiteElo "2116"]
[BlackElo "1995"]

1. d4 g6 2. c4 Nf6 3. Nc3 Bg7 4. e4 d6 5. Be2 O-O 6. Nf3 Nc6 7. O-O a6 8. d5 Ne5
9. Nd4 Bd7 10. h3 c5 11. Nc2 Bc8 12. Bf4 Nfd7 13. Qd2 Nb6 14. Ne3 f5 15. exf5
Bxf5 16. Nxf5 Rxf5 17. Bxe5 Bxe5 18. Bd3 Rf7 19. Rae1 Qf8 20. Rxe5 dxe5 21. Qe3
Nd7 22. Ne4 b6 23. Ng5 Rf6 24. Ne6 Qf7 25. Qh6 Rxe6 26. dxe6 Qxe6 27. Be4 Qxc4
28. Bxa8 1-0

[Event "AUTO-OPEN-3442"]
[Site "http://www.queenalice.com/game.php?id=1343877"]
[Date "2015.2.25"]
[Round "1"]
[White "fisionboy"]
[Black "PasoDoble"]
[Result "0-1"]
[WhiteElo "2037"]
[BlackElo "2473"]

1. e4 e6 2. f4 d5 3. e5 c5 4. c3 Nc6 5. Nf3 Nh6 6. Bd3 c4 7. Bc2 Bc5 8. d4 cxd3
9. Qxd3 Ng4 10. Rf1 Nxh2 11. Nxh2 Qh4+ 12. g3 Qxh2 13. b4 Bb6 14. a4 a5 15. b5
Ne7 16. g4 Qh4+ 0-1

[Event "AUTO-OPEN-3442"]
[Site "http://www.queenalice.com/game.php?id=1343879"]
[Date "2015.2.25"]
[Round "1"]
[White "PasoDoble"]
[Black "fisionboy"]
[Result "1-0"]
[WhiteElo "2475"]
[BlackElo "1984"]

1. c4 Nf6 2. Nc3 g6 3. d4 Bg7 4. e4 d6 5. h3 O-O 6. Bg5 Nbd7 7. Bd3 c5 8. d5 Ne5
9. Be2 Qb6 10. Qc2 a6 11. f4 Ned7 12. Nf3 e5 13. fxe5 Nxe5 14. Nxe5 dxe5 15. O-O
Nh5 16. Bxh5 gxh5 17. Be7 Re8 18. d6 Be6 19. b3 Bf8 20. Qd2 Bxe7 21. dxe7 Qc7
22. Nd5 Bxd5 23. Qg5+ Kh8 24. Qf6+ Kg8 25. Rf5 Qxe7 26. Rg5+ Kf8 27. Qh8# 1-0

[Event "AUTO-OPEN-3442"]
[Site "http://www.queenalice.com/game.php?id=1343880"]
[Date "2015.2.25"]
[Round "1"]
[White "fisionboy"]
[Black "PioDeCuritiba"]
[Result "1-0"]
[WhiteElo "2005"]
[BlackElo "1344"]

1. e4 d5 2. exd5 c6 3. dxc6 Nxc6 4. Nf3 Bg4 5. Be2 e6 6. O-O Bc5 7. c3 Nf6 8. d4
Bd6 9. Bg5 h6 10. Bh4 g5 11. Bg3 Ne4 12. Nbd2 Bxg3 13. fxg3 O-O 14. Nxe4 Qb6 15.
Nf6+ Kg7 16. Nxg4 1-0

[Event "AUTO-OPEN-3442"]
[Site "http://www.queenalice.com/game.php?id=1343881"]
[Date "2015.2.25"]
[Round "1"]
[White "PioDeCuritiba"]
[Black "fisionboy"]
[Result "1-0"]
[WhiteElo "1405"]
[BlackElo "1916"]

1. d4 Nf6 2. c4 g6 3. Nc3 Bg7 4. e4 d6 5. Bg5 O-O 6. h4 Nc6 7. Nf3 Bg4 8. a3 h6
9. Bxf6 Bxf6 10. Be2 Bxf3 11. Bxf3 Nxd4 12. O-O e5 13. Nb5 c5 14. Nxd4 exd4 15.
h5 Bg5 16. b4 Qf6 17. Bg4 Rae8 18. Re1 Bh4 19. g3 Bg5 20. f4 Bxf4 21. Qf3 Bg5
22. Qxf6 Bxf6 23. b5 Re5 24. Ra2 gxh5 25. Bf5 h4 26. g4 1-0

[Event "AUTO-OPEN-3442"]
[Site "http://www.queenalice.com/game.php?id=1343882"]
[Date "2015.2.25"]
[Round "1"]
[White "fisionboy"]
[Black "miltonlovisk"]
[Result "0-1"]
[WhiteElo "1996"]
[BlackElo "1959"]

1. e4 e5 2. Nf3 Nc6 3. d4 exd4 4. Nxd4 Qe7 5. Nc3 Nf6 6. Nf5 Qe6 7. Bd3 d5 8.
Ng3 dxe4 9. Ngxe4 Bb4 10. O-O Nxe4 11. Nxe4 O-O 12. c3 Ba5 13. Re1 Qd7 14. Bf4
Qg4 15. Qxg4 Bxg4 16. Ng5 g6 17. Bc4 Rad8 18. h3 Bc8 19. b4 Bb6 20. a4 a5 21. b5
Na7 22. Re7 Rd7 23. Rae1 Rxe7 24. Rxe7 h6 25. Nxf7 Rxf7 26. Rxf7 g5 27. Rxc7+
Kf8 28. Rf7+ Ke8 29. Bd6 g4 30. hxg4 Bxg4 0-1

[Event "AUTO-OPEN-3442"]
[Site "http://www.queenalice.com/game.php?id=1343883"]
[Date "2015.2.25"]
[Round "1"]
[White "miltonlovisk"]
[Black "fisionboy"]
[Result "0-1"]
[WhiteElo "1974"]
[BlackElo "1980"]

1. e4 e5 2. Nf3 Nc6 3. Bc4 Bc5 4. a3 Nf6 5. Nc3 a6 6. Ng5 O-O 7. d3 Nd4 8. Nf3
c6 9. Nxe5 Qc7 10. Nf3 d5 11. exd5 Re8+ 12. Be3 Nf5 13. d4 Nxe3 14. fxe3 Rxe3+
15. Ne2 cxd5 16. Bb3 Bb6 17. O-O Bf5 18. Ng3 Bg6 19. Ne5 Rxe5 20. Kh1 Re7 21.
Nf5 Bxf5 22. Rxf5 Rae8 23. Rf1 Re4 24. c3 Rh4 25. h3 Ne4 26. Rf3 Qd6 27. Bc2 Bc7
28. Qg1 Ng3+ 0-1

[Event "AUTO-ADV-3183"]
[Site "http://www.queenalice.com/game.php?id=1345613"]
[Date "2015.3.4"]
[Round "2"]
[White "fisionboy"]
[Black "MariusLola"]
[Result "0-1"]
[WhiteElo "2029"]
[BlackElo "1841"]

1. e4 e5 2. Nf3 Nc6 3. d4 exd4 4. Nxd4 Bc5 5. c3 Nf6 6. f3 O-O 7. Bc4 Ne5 8. Bb3
a6 9. Be3 d6 10. Nd2 Nd3+ 11. Kf1 c6 12. Qc2 Ne5 13. h4 Nh5 14. Bf2 Be6 15. Nxe6
fxe6 16. Bxe6+ Kh8 17. Rd1 Bxf2 18. Kxf2 Nf4 19. Bb3 Qb6+ 20. Kg3 Ne2+ 21. Kh2
Qf2 0-1

[Event "AUTO-ADV-3183"]
[Site "http://www.queenalice.com/game.php?id=1345614"]
[Date "2015.3.4"]
[Round "2"]
[White "MariusLola"]
[Black "fisionboy"]
[Result "0-1"]
[WhiteElo "1841"]
[BlackElo "1969"]

1. d4 Nf6 2. c4 g6 3. g3 Bg7 4. Bg2 O-O 5. Nf3 d6 6. O-O Nbd7 7. Qc2 Nb6 8. d5
Bf5 9. Qb3 c5 10. dxc6 bxc6 11. Nc3 Rb8 12. Nd2 Qc7 13. e4 Be6 14. Qd1 Nxc4 15.
Nxc4 Bxc4 16. Re1 Rfd8 17. Qd4 Bb5 18. b3 Nd5 19. Nxb5 Rxb5 20. Qd2 Bxa1 21.
exd5 cxd5 22. Bxd5 Bc3 23. Qd3 Bxe1 24. Qxb5 Qxc1 25. Qe2 Bxf2+ 26. Kxf2 Qc5+
27. Ke1 Qxd5 28. Qxe7 Qe6+ 29. Qxe6 fxe6 30. Kd2 d5 31. Kd3 e5 0-1

[Event "AUTO-ADV-3183"]
[Site "http://www.queenalice.com/game.php?id=1345615"]
[Date "2015.3.4"]
[Round "2"]
[White "fisionboy"]
[Black "TITAN10"]
[Result "0-1"]
[WhiteElo "1959"]
[BlackElo "1826"]

1. e4 c5 2. c3 d6 3. Nf3 Nc6 4. d4 cxd4 5. cxd4 Bg4 6. Be2 Bxf3 7. Bxf3 e6 8.
O-O Nf6 9. Nc3 Be7 10. a3 e5 11. d5 Nb8 12. Qa4+ Qd7 13. Qb3 O-O 14. Be3 Na6 15.
Rac1 Rfc8 16. h3 h6 17. Ne2 Rxc1 18. Rxc1 Rc8 19. Rxc8+ Qxc8 20. Bxa7 Qc7 21.
Ng3 Nc5 22. Bxc5 dxc5 23. Nf5 Kf8 24. Qd1 Bd6 0-1

[Event "AUTO-ADV-3183"]
[Site "http://www.queenalice.com/game.php?id=1345616"]
[Date "2015.3.4"]
[Round "2"]
[White "TITAN10"]
[Black "fisionboy"]
[Result "1-0"]
[WhiteElo "1847"]
[BlackElo "1938"]

1. e4 e5 2. Nf3 Nc6 3. Bb5 Nf6 4. Bxc6 dxc6 5. Nxe5 Qd4 6. Nf3 Qxe4+ 7. Qe2
Qxe2+ 8. Kxe2 Bc5 9. d3 Bg4 10. Re1 O-O-O 11. Kf1 Bxf3 12. gxf3 Rde8 13. Be3 Bd6
14. Kg2 h5 15. Nc3 Nd5 16. Nxd5 cxd5 17. Bd4 f6 18. Be3 h4 19. h3 b6 20. f4 c5
21. d4 Rhg8 22. Rg1 g5 23. Kf1 gxf4 24. Rxg8 1-0